00818nam a22002295i 450000100060000000300090000600500170001500700030003200800410003502000180007608000130009410000390010724501000014625000120024626000690025830000220032765000380034970000400038785200220042799900170044995201220046613151ES-MaACL20250729042545.0t|951102s1989 sp ||||0| spa j a84-604-4594-1 a342(073)1 aGómez Sánchez, Yolanda.95815410aDerecho político. nI, pEsquemas / cYolanda Gómez Sánchez y Pedro J. Tenorio Sánchez. a1ª ed. aMadrid : bFacultad de Derecho, Universidad Complutense, c1989. a139 p. ; c21 cm.17aDerecho político2embne91358971 aTenorio Sánchez, Pedro J.9109702 aES-MaACLjL-20493 c13151d13151 00104070aATENEOMbATENEOMcDEPO2d2008-01-17eSCl0oL-20493p1013392r2023-02-23 00:00:00w2023-02-23yMONOGRAFIA